[Event "EU-ch blitz"]
[Site "Tallinn"]
[Date "2016.12.17"]
[Round "2"]
[White "Bortnyk, Olexandr"]
[Black "Shipulin, Denis"]
[Result "1-0"]
[WhiteElo "2581"]
[BlackElo "1995"]
[PlyCount "41"]
[EventDate "2016.12.17"]
[EventType "swiss (blitz)"]
[EventRounds "26"]
[EventCountry "EST"]
[SourceTitle "CBM 176 Extra"]
[Source "ChessBase"]
[SourceDate "2017.03.02"]
[SourceVersion "1"]
[SourceVersionDate "2017.03.02"]
[SourceQuality "1"]

1. e4 Nf6 2. e5 Ng8 3. d4 d6 4. Nf3 Bg4 5. h3 Bh5 6. exd6 Qxd6 7. c3 Nf6 8. Be2 e6 9. Na3 Be7 10. Nc4 Qd8 11. Qb3 b6 12. Nce5 0-0 13. g4 Bg6 14. Nxg6 hxg6 15. Ne5 Qd5 16. Bf3 Ne4 17. Qc2 f5 18. Nxg6 Rf7 19. Nf4 Qc6 20. Qb3 Rf6 21. gxf5 1-0